| 000 | 00757aas a2200241 4500 | ||
|---|---|---|---|
| 999 |
_c1513 _d1513 |
||
| 003 | BR-BrBNA | ||
| 005 | 20230317233219.0 | ||
| 007 | ta | ||
| 008 | 230119b bl ||||| |||| 00| 0 por d | ||
| 022 | _a0103-1228 | ||
| 035 | _a000485-5 | ||
| 040 |
_aBR-BrBNA _bPor _cBR-BrBNA |
||
| 042 | _a013162-8 | ||
| 044 | _abl | ||
| 245 | _aBoletim do Instituto de Café do Estado de São Paulo (Brazil) | ||
| 260 |
_aSão Paulo-SP _bInstituto de Café do Estado de São Paulo _c1927. Data final de publicação em 1931 _eBSP |
||
| 270 | _aRua Wenceslau Braz, 11 - Ed. Sede do Inst. do Café | ||
| 310 | _amensal | ||
| 505 | _a1927 2(4-15); 1928 3(16-21,23-27); 1929-31 4-6(28-63); | ||
| 650 | 1 | 2 | _gCAFE (BEBIDA); CAFEEIROS |
| 909 |
_a56 _bSergio Santos _c56 _dSergio Santos |
||
| 942 |
_cCR _2AGRIS |
||